| 000 | 00590nam a2200205 a 4500 | ||
|---|---|---|---|
| 005 | 20140310183535.0 | ||
| 008 | 110822s19uu xx 00 eng d | ||
| 020 | _a978-81-907611-2-3 | ||
| 050 |
_aHF 5438.4 _b.K96 2009 |
||
| 100 | _aKumar, Sandeep. | ||
| 245 |
_aSale distribution and management / _cSandeep Kumar; Rajeshwar Nath; Sweta Bakhi. |
||
| 260 |
_aIndia : _bA.K. Publications, _c2009. |
||
| 300 |
_a245 p. : _c18 cm. |
||
| 521 | _aBSBA | ||
| 650 |
_aSales _xManagement |
||
| 700 | _aNath, Rajeshwar | ||
| 700 | _aBakshi, Sweta | ||
| 942 |
_cBK _2lcc _kFOR |
||
| 999 |
_c24697 _d24697 |
||